| 000 | 00580nam a2200229Ia 4500 | ||
|---|---|---|---|
| 005 | 20250505124852.0 | ||
| 008 | 008 250505s9999 xx 000 0 eng d | ||
| 037 | _aReference | ||
| 040 |
_aLCO _beng _cLCO |
||
| 041 |
_aeng _2eng |
||
| 084 |
_aZ2,181 R3 _qLCO |
||
| 100 |
_aBhandari, M.C. _9681253 |
||
| 245 | 0 |
_aCompany law _c M.C.Bhandari |
|
| 250 | _a25th | ||
| 260 |
_aHaryana, India _bLexisNexis _c2022 |
||
| 300 | _a2476 | ||
| 365 |
_aINR _b13495 |
||
| 490 | _vVol.1 | ||
| 650 | _aLaw | ||
| 942 |
_cREF _hZ2,181 R3 |
||
| 999 |
_c1310444 _d1310444 |
||